Entry Personal Name
Number of records used in: 1
001 - CONTROL NUMBER
003 - CONTROL NUMBER IDENTIFIER
005 - DATE AND TIME OF LATEST TRANSACTION
- control field:
20230919133942.0
008 - FIXED-LENGTH DATA ELEMENTS
- fixed length control field:
990126n| acannaab| |n aaa c
010 ## - LIBRARY OF CONGRESS CONTROL NUMBER
- LC control number:
nb 99012482
040 ## - CATALOGING SOURCE
- Original cataloging agency:
Uk
- Transcribing agency:
Uk
100 10 - HEADING--PERSONAL NAME
- Personal name:
Yildiz, Kerim
670 ## - SOURCE DATA FOUND
- Source citation:
Freedom of association, 1998:
- Information found:
t.p. verso (Kerim Yildiz)